<?xml version="1.0" encoding="UTF-8"?><?xml-stylesheet type="text/xsl" href="static/style.xsl"?><OAI-PMH xmlns="http://www.openarchives.org/OAI/2.0/" xmlns:xsi="http://www.w3.org/2001/XMLSchema-instance" xsi:schemaLocation="http://www.openarchives.org/OAI/2.0/ http://www.openarchives.org/OAI/2.0/OAI-PMH.xsd"><responseDate>2026-06-04T17:02:25Z</responseDate><request verb="GetRecord" identifier="oai:riuma.uma.es:10630/44795" metadataPrefix="marc">https://riuma.uma.es/rest/oai/request</request><GetRecord><record><header><identifier>oai:riuma.uma.es:10630/44795</identifier><datestamp>2026-01-24T00:46:05Z</datestamp><setSpec>com_10630_2254</setSpec><setSpec>col_10630_37959</setSpec></header><metadata><record xmlns="http://www.loc.gov/MARC21/slim" xmlns:dcterms="http://purl.org/dc/terms/" xmlns:doc="http://www.lyncode.com/xoai" xmlns:xsi="http://www.w3.org/2001/XMLSchema-instance" xsi:schemaLocation="http://www.loc.gov/MARC21/slim http://www.loc.gov/standards/marcxml/schema/MARC21slim.xsd">
   <leader>00925njm 22002777a 4500</leader>
   <datafield ind2=" " ind1=" " tag="042">
      <subfield code="a">dc</subfield>
   </datafield>
   <datafield ind2=" " ind1=" " tag="720">
      <subfield code="a">Rico, Delia</subfield>
      <subfield code="e">author</subfield>
   </datafield>
   <datafield ind2=" " ind1=" " tag="720">
      <subfield code="a">Grinnemo, Karl-Johan</subfield>
      <subfield code="e">author</subfield>
   </datafield>
   <datafield ind2=" " ind1=" " tag="720">
      <subfield code="a">Brunstrom, Anna</subfield>
      <subfield code="e">author</subfield>
   </datafield>
   <datafield ind2=" " ind1=" " tag="720">
      <subfield code="a">Merino-Gómez, Pedro</subfield>
      <subfield code="e">author</subfield>
   </datafield>
   <datafield ind2=" " ind1=" " tag="260">
      <subfield code="c">2022-06-09</subfield>
   </datafield>
   <datafield ind2=" " ind1=" " tag="520">
      <subfield code="a">Tactile Internet defines applications for remotely controlling and manipulating critical devices that require perceived real-time operation with additional demanding requirements like reliability. These use cases with stringent requirements demand adequate transport protocols to take advantage of the underlying possibilities. Traditional transport-layer solutions like TCP and UDP are no longer sufficient, hence novel protocols are being developed to support these applications. In this paper, we present an implementation and evaluation of the Multi-connection Tactile Internet Protocol (MTIP), a transport layer proposal to support these communications. MTIP uses application and network status information to perform an intelligent selection of paths in order to improve reliability and latency. In our evaluations, we study how the different configurations of the MTIP algorithm affect this selection and we see a direct trade-off where, with more restrictive thresholds, MTIP can increase the packets received correctly at the cost of sending extra duplicate packets.</subfield>
   </datafield>
   <datafield ind1="8" ind2=" " tag="024">
      <subfield code="a">https://hdl.handle.net/10630/44795</subfield>
   </datafield>
   <datafield ind1="8" ind2=" " tag="024">
      <subfield code="a">10.1109/NOMS54207.2022.9789842</subfield>
   </datafield>
   <datafield tag="653" ind2=" " ind1=" ">
      <subfield code="a">Protocolos de comunicaciones</subfield>
   </datafield>
   <datafield ind2="0" ind1="0" tag="245">
      <subfield code="a">Implementation and evaluation of the Multi-connection Tactile Internet Protocol and API</subfield>
   </datafield>
</record>
</metadata></record></GetRecord></OAI-PMH>